<?xml version="1.0" encoding="UTF-8"?>
<marc:record xmlns:marc="http://www.loc.gov/MARC21/slim">
   <marc:leader>00000nam a2200000 a 4500</marc:leader>
   <marc:datafield ind1="1" ind2=" " tag="100">
      <marc:subfield code="a">Ritter, Thomas</marc:subfield>
      <marc:subfield code="4">aut</marc:subfield>
      <marc:subfield code="e">Verfasser/-in</marc:subfield>
   </marc:datafield>
   <marc:datafield ind1=" " ind2=" " tag="653">
      <marc:subfield code="a">Palmblattbibliothek</marc:subfield>
   </marc:datafield>
   <marc:datafield ind1=" " ind2=" " tag="653">
      <marc:subfield code="a">Tamil</marc:subfield>
   </marc:datafield>
   <marc:datafield ind1=" " ind2=" " tag="653">
      <marc:subfield code="a">Palmblatthandschrift</marc:subfield>
   </marc:datafield>
   <marc:datafield ind1=" " ind2=" " tag="653">
      <marc:subfield code="a">Prophetie</marc:subfield>
   </marc:datafield>
   <marc:datafield ind1=" " ind2=" " tag="653">
      <marc:subfield code="a">Erlebnisbericht</marc:subfield>
   </marc:datafield>
   <marc:datafield ind1="0" ind2="0" tag="245">
      <marc:subfield code="a">Die Palmblattbibliotken [Palmblattbibliotheken] und ihre Prophezeiungen zur Zukunft Europas</marc:subfield>
   </marc:datafield>
   <marc:datafield ind1="0" ind2="0" tag="245">
      <marc:subfield code="c">Thomas Ritter</marc:subfield>
   </marc:datafield>
   <marc:datafield ind1=" " ind2="1" tag="264">
      <marc:subfield code="a">Rottenburg</marc:subfield>
      <marc:subfield code="b">Kopp</marc:subfield>
      <marc:subfield code="c">2006</marc:subfield>
   </marc:datafield>
   <marc:datafield ind1=" " ind2=" " tag="250">
      <marc:subfield code="a">1. Aufl.</marc:subfield>
   </marc:datafield>
   <marc:datafield ind1="1" ind2=" " tag="520">
      <marc:subfield code="a">Angaben aus der Verlagsmeldung

Die Palmblattbibliotheken : Und ihre Prophezeiungen zur Zukunft Europas / von Thomas Ritter

Seit undenklichen Zeiten versuchen Menschen, Informationen über ihre eigene Zukunft zu erlangen. Ist eine solche faszinierende Perspektive möglich? - Ja, in Indien sollen sich Legenden zufolge zwölf Palmblattbibliotheken befinden, in denen die Schicksale mehrerer Millionen Menschen auf den getrockneten Blättern der Stechpalme in Sanskrit oder Alt-Tamil niedergeschrieben sind - ein Blatt für jedes Leben.
Doch die Weisen des alten Indien haben nicht nur die Schicksale einzelner Menschen aufgezeichnet. Sie haben gleichzeitig atemberaubende Informationen über die Geschichte der Menschheit, die Probleme der Gegenwart und die zukünftige Entwicklung auf diesem Planeten hinterlassen. Mit Hilfe eines indischen Schriftgelehrten gelang die Übersetzung von Palmblatt-Texten, die die Entwicklung Deutschlands und Europas in den nächsten 50 Jahren beschreiben. Etliche der präzise vorhergesagten Ereignisse sind bereits eingetreten. Welche stehen uns in der Zukunft noch bevor?
</marc:subfield>
   </marc:datafield>
   <marc:datafield ind1=" " ind2=" " tag="020">
      <marc:subfield code="a">9783938516201</marc:subfield>
      <marc:subfield code="9">9783938516201</marc:subfield>
   </marc:datafield>
   <marc:datafield ind1=" " ind2=" " tag="020">
      <marc:subfield code="a">3938516208</marc:subfield>
      <marc:subfield code="9">3938516208</marc:subfield>
   </marc:datafield>
   <marc:datafield ind1=" " ind2=" " tag="041">
      <marc:subfield code="a">ger</marc:subfield>
   </marc:datafield>
   <marc:datafield ind1=" " ind2=" " tag="300">
      <marc:subfield code="a">218 S.</marc:subfield>
   </marc:datafield>
</marc:record>
